00883nam a22002417a 4500003000900000005001700009008002900026020001500055040003000070082002700100100003100127245008900158260003500247300003000282500003500312650003600347650003600383700001800419910004100437942001200478952013400490999001700624DO-SdBPM20250225090326.01607181998 xxu a spa d a0590026356 aDO-SdBPMbspacBPMSUerda 4a819.3bB772fr 19982221 aBourgeois, Pauletted1951-10aFranklin´s and the thunderstorm /cPaulette Bourgeois; ilustraciones Brenda Clark  aNew York : bScholastic,c1998 a[30] p. :bil. ;c23 cm.  aLibros infantiles en inglés  4aCuentos infantiles canadienses  4aLibros ilustrados para niños 1 aClark, Brenda aVMateo V. Control de calidad. BPMSU  2ddccBK 00102ddc40708CI-GaBPMETbBPMETd2025-02-25eFUNDIl0oBPMSU CGI 819.3 B772fr 1998pBPMSU25020052r2025-02-25w2025-02-25yBK c14957d14957